=LDR 00000nam 2200000 4500 =001 000331 =005 20250710022809 =035 ##$$a 0010-0725000184 =007 ta =008 250710################a##########0#ind## =020 ##$$a 978-623-118-841.0 =082 ##$$a 398.209 598 =084 ##$$a 398.209 598 NAB p =100 #$$a Nabhany, Muhammad Hilmy An =245 1#$$a Petualangan di Gedung Aneh /$c Muhammad Hilmy An Nabhany =250 ##$$a cetakan kedua =260 ##$$a jakarta timur :$b Kementerian pendidikan dan kebudayaan, riset, teknologi,$c 2023 =300 ##$$a 24 hlm. : $b ilus. ; $c 29,7 cm$e 398.209 598 =650 #4$$a Cerita Anak-Indonesia =856 ##$$a TBM As Suhada =990 ##$$a TBM00300030